[Event "Nationale pupillendag 2017 - categorie G"]
[Site "Meppel"]
[Date "2017.06.17"]
[Round "6.4"]
[White "Yalcin, Emre"]
[Black "Kazarjan, Gachatur"]
[Result "0-1"]
[BlackElo "892"]
[WhiteElo "401"]
[LiveChessVersion "1.4.8"]

1. e4 {[%clk 0:15:19]} e5 {[%clk 0:15:19]} 2. Nf3 {[%clk 0:15:26]} Nc6
{[%clk 0:15:25]} 3. Bc4 {[%clk 0:15:30]} Bb4 {[%clk 0:15:09]} 4. Nc3
{[%clk 0:15:35]} Nf6 {[%clk 0:15:19]} 5. d3 {[%clk 0:15:42]} d5 {[%clk 0:15:07]}
6. exd5 {[%clk 0:15:46]} Nxd5 {[%clk 0:15:14]} 7. Bxd5 {[%clk 0:15:52]} Bxc3+
{[%clk 0:15:19]} 8. bxc3 Qxd5 9. O-O {[%clk 0:15:49]} Bg4 {[%clk 0:15:13]} 10. c4
{[%clk 0:15:45]} Qd6 {[%clk 0:14:52]} 11. h3 Bh5 12. Re1 {[%clk 0:15:38]} O-O-O
{[%clk 0:14:54]} 13. c3 {[%clk 0:15:22]} Rhe8 {[%clk 0:14:08]} 14. d4
{[%clk 0:15:08]} exd4 {[%clk 0:14:13]} 15. cxd4 {[%clk 0:15:15]} Rxe1+
{[%clk 0:14:07]} 16. Qxe1 {[%clk 0:15:20]} Bxf3 {[%clk 0:14:15]} 17. gxf3 Nxd4
18. Be3 {[%clk 0:15:08]} Nxf3+ {[%clk 0:14:23]} 19. Kf1 {[%clk 0:15:14]} Nxe1
{[%clk 0:14:29]} 20. Kxe1 {[%clk 0:15:21]} Qb4+ {[%clk 0:14:32]} 21. Bd2
{[%clk 0:15:28]} Qxd2+ {[%clk 0:14:40]} 22. Kf1 {[%clk 0:15:37]} Qc3
{[%clk 0:14:37]} 23. Re1 {[%clk 0:15:43]} Qxc4+ {[%clk 0:14:44]} 24. Kg1
{[%clk 0:15:51]} Qc6 {[%clk 0:14:38]} 25. Rf1 {[%clk 0:15:58]} Rd6
{[%clk 0:14:44]} 26. a4 Rg6+ 27. Kh2 Qg2# 0-1

[Event "Nationale pupillendag 2017 - categorie G"]
[Site "Meppel"]
[Date "2017.06.17"]
[Round "7.1"]
[White "Katsarov, Robert"]
[Black "De Vreugt Pezo, Max"]
[Result "0-1"]
[BlackElo "612"]
[WhiteElo "646"]
[LiveChessVersion "1.4.8"]

1. e4 {[%clk 0:15:19]} e5 {[%clk 0:15:20]} 2. Nf3 {[%clk 0:15:28]} Nc6
{[%clk 0:15:28]} 3. Bb5 {[%clk 0:15:36]} Bc5 {[%clk 0:15:27]} 4. Nc3
{[%clk 0:15:44]} d6 {[%clk 0:15:33]} 5. d3 {[%clk 0:15:52]} Bd7 {[%clk 0:15:40]}
6. Bg5 {[%clk 0:16:00]} Nf6 {[%clk 0:15:45]} 7. O-O {[%clk 0:16:06]} a6
{[%clk 0:15:53]} 8. Ba4 {[%clk 0:16:11]} Nd4 {[%clk 0:15:53]} 9. Bxd7+
{[%clk 0:16:06]} Kxd7 {[%clk 0:15:56]} 10. Nxd4 {[%clk 0:16:07]} Bxd4
{[%clk 0:16:03]} 11. Nd5 {[%clk 0:16:14]} Rg8 {[%clk 0:15:59]} 12. Re1
{[%clk 0:16:08]} h6 {[%clk 0:15:57]} 13. Nxf6+ {[%clk 0:16:12]} gxf6
{[%clk 0:16:01]} 14. Bd2 {[%clk 0:16:08]} Qf8 {[%clk 0:15:53]} 15. g3
{[%clk 0:15:54]} Bxb2 {[%clk 0:15:50]} 16. Rb1 {[%clk 0:15:56]} Bd4
{[%clk 0:15:58]} 17. Rxb7 {[%clk 0:16:00]} Rb8 {[%clk 0:15:43]} 18. Rxb8
{[%clk 0:16:03]} Qxb8 {[%clk 0:15:51]} 19. Qh5 {[%clk 0:15:57]} Qf8
{[%clk 0:15:55]} 20. Qf5+ {[%clk 0:15:55]} Kd8 {[%clk 0:15:56]} 21. Qxf6+
{[%clk 0:15:59]} Kd7 {[%clk 0:16:02]} 22. Qxh6 {[%clk 0:15:45]} Qxh6
{[%clk 0:16:02]} 23. Bxh6 {[%clk 0:15:53]} Rg6 {[%clk 0:16:07]} 24. Bd2
{[%clk 0:15:58]} Rf6 {[%clk 0:16:14]} 25. Be3 {[%clk 0:16:02]} Bc3
{[%clk 0:16:20]} 26. Bg5 {[%clk 0:15:54]} Rg6 {[%clk 0:16:23]} 27. Rf1
{[%clk 0:15:46]} Rxg5 {[%clk 0:16:30]} 28. h4 {[%clk 0:15:52]} Rh5
{[%clk 0:16:37]} 29. Kg2 {[%clk 0:15:57]} Bd4 {[%clk 0:16:42]} 30. f4
{[%clk 0:16:04]} Ke6 {[%clk 0:16:37]} 31. fxe5 {[%clk 0:16:10]} Bxe5
{[%clk 0:16:46]} 32. Kh3 {[%clk 0:16:06]} Rh6 {[%clk 0:16:48]} 33. g4
{[%clk 0:16:12]} Rf6 {[%clk 0:16:50]} 34. Rxf6+ {[%clk 0:16:03]} Kxf6
{[%clk 0:16:58]} 35. g5+ {[%clk 0:16:08]} Kg6 {[%clk 0:17:06]} 36. Kg4
{[%clk 0:16:17]} c6 {[%clk 0:17:06]} 37. h5+ {[%clk 0:16:25]} Kg7
{[%clk 0:17:13]} 38. Kf5 {[%clk 0:16:15]} a5 {[%clk 0:17:11]} 39. h6+
{[%clk 0:16:13]} Kh7 {[%clk 0:17:14]} 40. Kg4 {[%clk 0:15:59]} Kg6
{[%clk 0:17:22]} 41. Kh4 {[%clk 0:15:42]} f6 {[%clk 0:17:31]} 42. gxf6
{[%clk 0:15:43]} Bxf6+ {[%clk 0:17:39]} 43. Kg3 {[%clk 0:15:49]} Kxh6
{[%clk 0:17:47]} 44. Kf4 {[%clk 0:15:58]} Kg6 {[%clk 0:17:50]} 45. Ke3
{[%clk 0:16:02]} Be5 {[%clk 0:17:59]} 46. d4 {[%clk 0:16:09]} Bg7
{[%clk 0:18:02]} 47. c4 {[%clk 0:16:15]} Kf6 {[%clk 0:18:11]} 48. c5
{[%clk 0:16:16]} dxc5 {[%clk 0:18:18]} 49. dxc5 {[%clk 0:16:24]} Ke5
{[%clk 0:18:26]} 50. Kd3 {[%clk 0:16:27]} Bf8 {[%clk 0:18:33]} 51. Kc4
{[%clk 0:16:32]} Kxe4 {[%clk 0:18:40]} 52. Kb3 {[%clk 0:16:38]} Kd4
{[%clk 0:18:44]} 53. a4 {[%clk 0:16:46]} Bxc5 {[%clk 0:18:47]} 54. Kc2
{[%clk 0:16:49]} Kc4 {[%clk 0:18:56]} 55. Kb2 {[%clk 0:16:58]} Kb4
{[%clk 0:19:05]} 56. Ka2 {[%clk 0:17:07]} Kxa4 {[%clk 0:19:13]} 57. Kb2
{[%clk 0:17:16]} Bb4 {[%clk 0:19:22]} 58. Kc2 {[%clk 0:17:25]} c5
{[%clk 0:19:32]} 59. Kb2 {[%clk 0:17:34]} c4 {[%clk 0:19:39]} 60. Kc2
{[%clk 0:17:43]} c3 {[%clk 0:19:47]} 61. Kc1 {[%clk 0:17:51]} Kb3
{[%clk 0:19:42]} 62. Kb1 {[%clk 0:17:57]} a4 {[%clk 0:20:00]} 63. Kc1
{[%clk 0:18:05]} a3 {[%clk 0:20:07]} 64. Kb1 {[%clk 0:18:13]} a2+
{[%clk 0:20:13]} 65. Kc1 {[%clk 0:18:16]} a1=Q# {[%clk 0:20:19]} 0-1

[Event "Nationale pupillendag 2017 - categorie G"]
[Site "Meppel"]
[Date "2017.06.17"]
[Round "7.2"]
[White "Maruška, Miika"]
[Black "Jakhari, Ansh"]
[Result "0-1"]
[BlackElo "800"]
[WhiteElo "651"]
[LiveChessVersion "1.4.8"]

1. e4 {[%clk 0:15:19]} c5 {[%clk 0:15:15]} 2. Nf3 {[%clk 0:15:27]} d6
{[%clk 0:15:18]} 3. Nc3 {[%clk 0:15:33]} Nf6 {[%clk 0:15:16]} 4. Bc4 e6
{[%clk 0:15:21]} 5. O-O {[%clk 0:15:41]} Be7 {[%clk 0:15:22]} 6. d3
{[%clk 0:15:49]} O-O {[%clk 0:15:13]} 7. Bg5 {[%clk 0:15:57]} Nc6
{[%clk 0:15:19]} 8. h3 {[%clk 0:15:48]} a6 {[%clk 0:15:01]} 9. Qe2
{[%clk 0:15:53]} b5 {[%clk 0:15:09]} 10. Bb3 {[%clk 0:16:01]} b4 {[%clk 0:15:05]}
11. Nd1 {[%clk 0:15:53]} a5 {[%clk 0:15:00]} 12. a3 {[%clk 0:15:59]} a4
{[%clk 0:15:08]} 13. Ba2 {[%clk 0:16:08]} Bd7 {[%clk 0:14:44]} 14. Bxf6
{[%clk 0:16:04]} Bxf6 {[%clk 0:14:52]} 15. axb4 {[%clk 0:15:49]} Nxb4
{[%clk 0:14:55]} 16. Ne3 {[%clk 0:15:22]} Bxb2 {[%clk 0:14:45]} 17. Rab1
{[%clk 0:15:20]} Nxa2 {[%clk 0:14:25]} 18. Rxb2 {[%clk 0:15:24]} Nb4
{[%clk 0:14:34]} 19. Nc4 a3 {[%clk 0:14:32]} 20. Rbb1 {[%clk 0:15:14]} a2
{[%clk 0:14:34]} 21. Rbe1 {[%clk 0:15:18]} d5 {[%clk 0:14:23]} 22. exd5
{[%clk 0:15:21]} exd5 {[%clk 0:14:31]} 23. Nce5 {[%clk 0:15:09]} Ba4
{[%clk 0:14:02]} 24. c3 {[%clk 0:15:06]} Nc2 {[%clk 0:14:02]} 25. Rc1
{[%clk 0:14:56]} Bb3 {[%clk 0:14:09]} 26. Nc6 {[%clk 0:14:46]} Qe8
{[%clk 0:13:50]} 27. Qxe8 {[%clk 0:14:47]} Rfxe8 {[%clk 0:13:54]} 28. d4
{[%clk 0:14:15]} a1=Q {[%clk 0:13:57]} 29. Rxa1 {[%clk 0:14:23]} Rxa1 30. Rxa1
{[%clk 0:14:23]} Nxa1 {[%clk 0:14:08]} 31. dxc5 {[%clk 0:14:28]} Kf8
{[%clk 0:14:14]} 32. Na7 {[%clk 0:14:30]} Ra8 {[%clk 0:14:09]} 33. Nb5
{[%clk 0:14:34]} Ra5 {[%clk 0:14:12]} 34. Nbd4 {[%clk 0:14:33]} Bc4
{[%clk 0:14:21]} 35. c6 {[%clk 0:14:33]} Ra8 {[%clk 0:14:21]} 0-1

[Event "Nationale pupillendag 2017 - categorie G"]
[Site "Meppel"]
[Date "2017.06.17"]
[Round "7.3"]
[White "Kazarjan, Gachatur"]
[Black "Paulzen, Yuko"]
[Result "1-0"]
[BlackElo "708"]
[WhiteElo "892"]
[LiveChessVersion "1.4.8"]

1. e4 {[%clk 0:15:19]} e5 {[%clk 0:15:16]} 2. Nf3 {[%clk 0:15:28]} Nc6
{[%clk 0:15:21]} 3. Nc3 {[%clk 0:15:36]} Nf6 {[%clk 0:15:26]} 4. h3
{[%clk 0:15:43]} Bc5 {[%clk 0:15:24]} 5. Nxe5 Nxe5 {[%clk 0:15:25]} 6. d4
{[%clk 0:15:58]} Bxd4 {[%clk 0:15:19]} 7. Qxd4 {[%clk 0:16:03]} Nc6
{[%clk 0:15:24]} 8. Qd1 {[%clk 0:15:57]} d6 {[%clk 0:15:23]} 9. Bg5
{[%clk 0:16:01]} h6 {[%clk 0:15:26]} 10. Bh4 {[%clk 0:16:06]} Be6
{[%clk 0:15:16]} 11. Qf3 {[%clk 0:15:58]} Qe7 12. Bxf6 {[%clk 0:16:01]} Qxf6
{[%clk 0:15:21]} 13. Qxf6 {[%clk 0:16:07]} gxf6 {[%clk 0:15:24]} 14. Bb5
{[%clk 0:16:10]} Bd7 {[%clk 0:15:26]} 15. Nd5 {[%clk 0:16:15]} a6
{[%clk 0:15:31]} 16. Nxc7+ {[%clk 0:16:19]} Kd8 {[%clk 0:15:38]} 17. Nxa8
{[%clk 0:16:23]} axb5 {[%clk 0:15:45]} 18. Nb6 {[%clk 0:16:31]} f5
{[%clk 0:15:42]} 19. Nxd7 {[%clk 0:16:36]} Kxd7 {[%clk 0:15:48]} 20. exf5
{[%clk 0:16:44]} Nd4 {[%clk 0:15:55]} 21. O-O-O {[%clk 0:16:50]} Nxf5
{[%clk 0:16:02]} 22. Rd2 {[%clk 0:16:57]} Ne7 {[%clk 0:15:54]} 23. Rhd1
{[%clk 0:17:05]} Nc8 {[%clk 0:15:58]} 24. Rd5 {[%clk 0:17:11]} b4
{[%clk 0:16:04]} 25. Rb5 {[%clk 0:17:17]} Rg8 {[%clk 0:16:05]} 26. Rxb7+
{[%clk 0:17:23]} Kc6 {[%clk 0:16:09]} 27. Rxb4 {[%clk 0:17:29]} Rxg2
{[%clk 0:16:12]} 28. Rc4+ {[%clk 0:17:32]} Kd7 {[%clk 0:16:19]} 29. a4
{[%clk 0:17:39]} Rxf2 {[%clk 0:16:26]} 30. b4 {[%clk 0:17:45]} Nb6
{[%clk 0:16:34]} 31. Rcd4 {[%clk 0:17:49]} Nxa4 {[%clk 0:16:36]} 32. Rxd6+
{[%clk 0:17:57]} Ke7 {[%clk 0:16:43]} 33. b5 {[%clk 0:18:03]} h5 {[%clk 0:16:35]}
34. b6 {[%clk 0:17:59]} Rg2 {[%clk 0:15:37]} 35. Rd7+ {[%clk 0:18:00]} Ke6
{[%clk 0:15:44]} 36. R1d6+ {[%clk 0:18:05]} Ke5 {[%clk 0:15:52]} 37. b7
{[%clk 0:18:12]} Rg1+ {[%clk 0:15:55]} 38. Kd2 {[%clk 0:18:21]} Rg2+
{[%clk 0:16:01]} 39. Kc1 {[%clk 0:18:22]} Rg1+ {[%clk 0:16:03]} 40. Rd1
{[%clk 0:18:30]} Rg8 {[%clk 0:16:11]} 41. Rd8 {[%clk 0:18:37]} Rxd8
{[%clk 0:15:52]} 42. Rxd8 {[%clk 0:18:43]} Nc3 {[%clk 0:15:49]} 43. b8=Q+
{[%clk 0:18:46]} Kf5 {[%clk 0:15:54]} 44. Qc8+ {[%clk 0:18:50]} Kf4
{[%clk 0:16:00]} 45. Rd4+ {[%clk 0:18:58]} Kf3 {[%clk 0:16:08]} 46. Qf5+
{[%clk 0:19:05]} Ke2 {[%clk 0:16:07]} 47. Qd3+ {[%clk 0:19:10]} Kf2
{[%clk 0:16:15]} 48. Rf4+ {[%clk 0:19:16]} Kg2 {[%clk 0:16:15]} 49. Qf1+
{[%clk 0:19:23]} Kg3 {[%clk 0:16:23]} 50. Qf2+ {[%clk 0:19:24]} Kxh3
{[%clk 0:16:22]} 51. Rh4# {[%clk 0:19:32]} 1-0

[Event "Nationale pupillendag 2017 - categorie G"]
[Site "Meppel"]
[Date "2017.06.17"]
[Round "7.4"]
[White "Elzinga, Timo"]
[Black "Madularea, David"]
[Result "0-1"]
[BlackElo "697"]
[WhiteElo "456"]
[LiveChessVersion "1.4.8"]

1. e4 {[%clk 0:15:17]} e5 {[%clk 0:15:19]} 2. Nf3 {[%clk 0:15:25]} Nc6
{[%clk 0:15:27]} 3. Bb5 {[%clk 0:15:26]} d6 {[%clk 0:15:35]} 4. Bxc6+
{[%clk 0:15:31]} bxc6 {[%clk 0:15:42]} 5. O-O {[%clk 0:15:38]} Bg4
{[%clk 0:15:48]} 6. h3 {[%clk 0:15:44]} Bh5 {[%clk 0:15:56]} 7. Nc3
{[%clk 0:15:48]} Qf6 {[%clk 0:15:47]} 8. d3 {[%clk 0:15:50]} h6 {[%clk 0:15:47]}
9. Qe1 {[%clk 0:15:48]} Bxf3 {[%clk 0:15:51]} 10. gxf3 {[%clk 0:15:52]} Qxf3
{[%clk 0:15:58]} 11. Na4 {[%clk 0:15:37]} Qxh3 {[%clk 0:15:40]} 12. f3
{[%clk 0:15:36]} Nf6 {[%clk 0:15:34]} 13. Rf2 {[%clk 0:15:32]} Qg3+
{[%clk 0:15:41]} 14. Kf1 {[%clk 0:15:35]} Qh3+ {[%clk 0:15:25]} 15. Kg1
{[%clk 0:15:33]} Be7 {[%clk 0:15:11]} 16. Rh2 {[%clk 0:15:18]} Qxf3
{[%clk 0:15:11]} 17. Rf2 {[%clk 0:15:12]} Qg4+ {[%clk 0:15:12]} 18. Rg2
{[%clk 0:15:16]} Qe6 {[%clk 0:15:14]} 19. Rxg7 {[%clk 0:15:16]} Rg8
{[%clk 0:15:14]} 20. Rxg8+ {[%clk 0:15:14]} Nxg8 {[%clk 0:15:22]} 21. c4
{[%clk 0:15:09]} Qg4+ {[%clk 0:15:21]} 22. Kf1 {[%clk 0:15:11]} Qf3+
{[%clk 0:15:27]} 23. Kg1 {[%clk 0:15:13]} Qxd3 {[%clk 0:15:30]} 24. b3
{[%clk 0:15:16]} Qd4+ {[%clk 0:15:26]} 25. Be3 {[%clk 0:15:20]} Qxe4
{[%clk 0:15:26]} 26. Rd1 {[%clk 0:15:18]} Bh4 {[%clk 0:15:21]} 27. Qe2
{[%clk 0:15:18]} Qg6+ {[%clk 0:15:15]} 28. Kf1 {[%clk 0:15:13]} Qf5+
{[%clk 0:15:16]} 29. Kg1 {[%clk 0:15:16]} O-O-O {[%clk 0:15:13]} 30. Rf1
{[%clk 0:15:05]} Qe4 {[%clk 0:15:06]} 31. Rxf7 {[%clk 0:14:47]} Nf6
{[%clk 0:14:43]} 32. Nc3 {[%clk 0:14:37]} Rg8+ {[%clk 0:14:43]} 33. Kf1
{[%clk 0:14:31]} Qh1+ {[%clk 0:14:50]} 34. Bg1 {[%clk 0:14:07]} Qxg1#
{[%clk 0:14:50]} 35. Qd1 Qg2# 0-1